004050000a220010900045001000036000002450062000363000053000987730029001519420008001809520090001889990017002781 aDe Marco, Miguel Angel (1966- )10aInstituto forum latinus : Training Latin missions leaders aVol. 79, Num. 1 (Enero-Marzo, 1999), Página 150 tLatin America Evangelist cANA 001040708HEMaFUSBCbFUSBCd2016-01-26l0o r2016-01-26 00:00:00w2016-01-26yANA c55171d55171